000 00426nam a2200145Ia 4500
008 090124s9999 xx 000 0 und d
082 _b134352
245 _a अभिमानान सांगेन
250 _a1
260 _bनरवणे सुधा
_c2007
300 _a216
630 _a अभिमानान सांगेन
730 _a अभिमानान सांगेन
942 _cBOOK
999 _c197390
_d197390